000 00441pab a2200169 454500
008 180718b2014 xxu||||| |||| 00| 0 eng d
100 _aKapoor, Radhika
245 _aCreating 'good jobs': Assessing the labour market regulation debate
260 _c2014
300 _ap.16-18.
362 _a15 Nov
650 _aLabour policy
650 _aLabour market
773 _aEconomic and Political Weekly
908 _aN
909 _a105801
999 _c105796
_d105796